Регионална библиотека "Любен Каравелов" - Русе

За мен спомни си в утрешната битка (Запис номер 154934)

MARC детайли
000 -Лидер
Контролно поле с фиксирана дължина 01473nam a2200361 c 4500
003 - Код на организацията, давaща контролен номер
Контролно поле BLK
005 - Дата и час на последна редакция
Контролно поле 20250206123517.0
008 - Елементи от данни с фиксирана дължина
fixed length control field 180410b bul|||||r ||||||| ||bul||
010 ## - Наследен системен номер
LC control number KNG00161589000
020 ## - Международен стандартен номер на книга ISBN
Международен стандартен номер на книга ISBN 978-619-150-095-6
-- издат.: Колибри
040 ## - Източник на каталожния запис
Идентификатор на билиотеката - собственик на записа BLK
041 ## - Код за език
Код за езика на текст/звукозапис или на отделно заглавие Български
Код за езика КДБФ Български
072 #7 - Код за тематичната категория
Код организация bullib
Код за тематична категория Н83
Текст Чужда художествена литература Н
080 ## - УДК
Текстов определител УДК Испанска литература
УДК код - определител по УДК 821.134.2
УДК определител -32
УДК - код + определител 821.134.2-32
100 1# - Редна дума - Автор
Автор Мариас, Хавиер
Авторска отговорност първи автор
R(LIN) 92647
139 ## - Редно поле
Редна дума Мариас, Хавиер
Авторски знак Мари - М 31
245 10 - Сведения за заглавието
Заглавие За мен спомни си в утрешната битка
Подзаглавни данни Роман
Редно поле (дума) Хавиер Мариас; прев. от исп. Нева Георгиева Мичева.
257 ## - Страна на издаване
Страна на създаване/издаване Испания
260 ## - Област на издателските данни
-- София
Име на издателя, разпространителя и проч. Колибри
Година на издаване 2012
Печатница София : Инвестпрес
300 ## - Физическа характеристика
Страници 383 с.
Размери/Мащаб 20 см
380 ## - Жанр
Жанр Худож. лит.
490 1# - СЕРИИ (Колекции)
Име на серия Съвременна европейска проза
500 ## - Общи забележки
Забележка Ориг. загл. Manana en la batalla piensa en mi / Javier Marias. - Съдържа и за авт.
653 ## - Ключова дума – ненормативна
Ключова дума романи
659 ## - Тематичен бюлетин
Тематичен бюлетин Н
700 1# - Други автори (авторска отговорност)
Лично име Мичева, Нева Георгиева
Автороска отговорност (Описва отношението между автора и произведението) прев. от исп.
9 (RLIN) 370671
852 ## - Местоположение
Форматна сигнатура Цб 269203
856 4# - Електронен адрес и достъп
Електронен формат pdf - файл
Път до файла /url/
856 4# - Електронен адрес и достъп
Електронен формат pdf - файл
Път до файла /url/
942 ## - АРТИКУЛИ
Вид на библиотечния материал Книги
Скрит в OPAC Не
Koha issues (borrowed), all copies 5
944 ## - СЪЗДАВАНЕ И РЕДАКЦИЯ на ЗАПИСА
Създаване/Редакция Създаване
Дата на регистрацията/редакция 05.06.2014
Статус, дата на статуса Цветомила Тодорова
Служител, извършил регистрацията/редакцията 30576
944 ## - СЪЗДАВАНЕ И РЕДАКЦИЯ на ЗАПИСА
Създаване/Редакция Редакция
Дата на регистрацията/редакция 03.10.2014
Статус, дата на статуса ф /
Служител, извършил регистрацията/редакцията
999 ## - СИСТЕМНИ КОНТРОЛНИ НОМЕРА
Koha biblionumber 154934
Koha biblioitemnumber 154934
Наличности
Код за отписване Код за изгубен артикул Код за повреда Коз за рестрикции Код за отдаване Артикулен № Име на библиотеката - собственик Име на библиотеката, в която се намира в момента Статус (Текущо местоположение) Дата на вписване в системата Местоположение - отдел Цена в лева Инвентарен номер Систематично азбучна сигнатура Баркод Номер на екземпляра Цена в евро Служебна бележка Служебен тип на артикула
  Не е изгубен Не е повреден без рестрикции заемане за дома 259697 Регионална библиотека "Любен Каравелов" Русе Регионална библиотека "Любен Каравелов" Русе Заемна - подръчен фонд 2014-06-05 Заемна - подръчен фонд 18.00 120000777875 П 860-31/М 31 120000777875 1 9.20 Дост: Pk Вид: Ф N: 399 Дата: 03.06.2014 Дата инв: 09.02.2018 Бележки инв: П2018 Книги
  Не е изгубен Не е повреден без рестрикции ползва се в читалня 259698 Регионална библиотека "Любен Каравелов" Русе Регионална библиотека "Любен Каравелов" Русе Хранилище 2014-10-03 Хранилище 18.00 120000781249 Цб 269203 120000781249 2 9.20 Дост: Dp Вид: Д N: 3 Дата: 24.01.2014 Книги
Vip Innovations Ltd, Rousse, Bulgaria 2025